Joyas preciosas : (Record no. 48423)
[ view plain ]
| 000 -CABECERA | |
|---|---|
| campo de control de longitud fija | 00656nam a2200205 a 4500 |
| 001 - NÚMERO DE CONTROL | |
| campo de control | 000048935 |
| 005 - FECHA Y HORA DE LA ÚLTIMA TRANSACCIÓN | |
| campo de control | 20201002061525.0 |
| 008 - DATOS DE LONGITUD FIJA--INFORMACIÓN GENERAL | |
| campo de control de longitud fija | 190314s201u dr 000 0 spa d |
| 020 ## - NÚMERO INTERNACIONAL ESTÁNDAR DEL LIBRO | |
| Número Internacional Estándar del Libro | 9789945080896 |
| 040 ## - FUENTE DE LA CATALOGACIÓN | |
| Centro catalogador/agencia de origen | DO-SdBNP |
| Lengua de catalogación | spa |
| Centro/agencia transcriptor | BNPHU |
| 082 ## - NÚMERO DE LA CLASIFICACIÓN DECIMAL DEWEY | |
| Número de documento/Ítem | C987j |
| 100 1# - ENTRADA PRINCIPAL--NOMBRE DE PERSONA | |
| Nombre de persona | Custodio, Roberto |
| 9 (RLIN) | 24864 |
| 245 10 - MENCIÓN DE TÍTULO | |
| Título | Joyas preciosas : |
| Resto del título | (poemas, teología y filosofía) / |
| Mención de responsabilidad, etc. | Roberto Custodio. |
| 260 ## - PUBLICACIÓN, DISTRIBUCIÓN, ETC. | |
| Lugar de publicación, distribución, etc. | [Mexíco] : |
| Nombre del editor, distribuidor, etc. | Estrella, |
| Fecha de publicación, distribución, etc. | [201-] |
| Fabricante | República Dominicana |
| 300 ## - DESCRIPCIÓN FÍSICA | |
| Extensión | 45 p. ; |
| Dimensiones | 21 cm. |
| 490 1# - MENCIÓN DE SERIE | |
| Mención de serie | Estrella ; |
| 500 ## - NOTA GENERAL | |
| Nota general | La biblioteca posee 3 ejemplares autografíados por el autor. |
| 590 ## - NOTA LOCAL (RLIN) | |
| Nota local | Inventariado, 2019/ YL |
| 830 #0 - PUNTO DE ACCESO ADICIONAL DE SERIE-TÍTULO UNIFORME | |
| Título uniforme | Estrella |
| 9 (RLIN) | 76371 |
| Estado de retiro | Estado de pérdida | No para préstamo | Código de colección | Localización permanente | Ubicación/localización actual | Ubicación en estantería | Fecha de adquisición | Número de inventario | Total de préstamos | Signatura topográfica completa | Código de barras | Fecha visto por última vez | Número de copia | Precio válido a partir de | Tipo de ítem Koha |
|---|---|---|---|---|---|---|---|---|---|---|---|---|---|---|---|
| Excluido de préstamo | Dominicana de Servicio | General | General | En catalogación | 06.05.2019 | LF1 | C987j | 48935-30 | 25.06.2020 | e. 3 | 25.06.2020 | Libro y Folleto Colección Dominicana de Servicio | |||
| Excluido de préstamo | Patrimonio Dominicano | Patrimonio Dominicano | Patrimonio Dominicano | En catalogación | 06.05.2019 | LF1 | C987j | 48935-10 | 25.06.2020 | 25.06.2020 | Libro y Folleto Colección Patrimonio Dominicano | ||||
| Excluido de préstamo | Patrimonio Dominicano | Patrimonio Dominicano | Patrimonio Dominicano | En catalogación | 06.05.2019 | LF1 | C987j | 48935-20 | 25.06.2020 | e. 2 | 25.06.2020 | Libro y Folleto Colección Patrimonio Dominicano |
